Doing Business in the Slovak Republic 1999

Gespeichert in:
Bibliographische Detailangaben
Format: Buch
Sprache:Englisch
Veröffentlicht: Bratislava Komapol 1999
Schlagworte:
Tags: Tag hinzufügen
Keine Tags, Fügen Sie das erste Tag hinzu!

MARC

LEADER 00000nam a2200000 4500
001 c122390
005 20230116123917.5
020 |a 80-968201-09 
041 0 |a eng 
044 |a SK 
245 1 0 |a Doing Business in the Slovak Republic 1999 
264 1 |a Bratislava  |b Komapol  |c 1999 
300 |a 235 s. 
610 2 0 |a podnikanie 
610 2 0 |a makroekonomika 
610 2 0 |a legislatíva 
610 2 0 |a spoločnosti obchodné 
610 2 0 |a bankovníctvo 
610 2 0 |a trh kapitálový 
610 2 0 |a privatizácia 
610 2 0 |a poistenie 
610 2 0 |a priemysel 
610 2 0 |a dane 
610 2 0 |a obligácie 
610 2 0 |a správa colná 
610 2 0 |a obchod 
610 2 0 |a infraštruktúra 
610 2 0 |a turistika 
610 2 0 |a ruch cestovný 
610 2 0 |a Slovensko